000 00380nam a2200157Ia 4500
005 20250423100238.0
008 250422s9999 xx 000 0 und d
020 _a0- 13- 595752- 4
050 _aQA 76.76.O63 T35/
100 _aAndrew S. Tanenbaum
245 0 _aModern operating systems
260 _bPrentice- hall, inc.
260 _c1992
300 _a728 p
942 _cBK
999 _c32719
_d32719